| 000 | 00502nam a2200169Ia 4500 | ||
|---|---|---|---|
| 008 | 140512s9999 xx 000 0 und d | ||
| 020 | _a9780198392132 | ||
| 050 |
_aQC 32 _b.H766 2014 |
||
| 100 | _aHomer, David. | ||
| 245 |
_aPhysics : _bcourse companion / _cDavid Homer |
||
| 260 |
_aUnited Kingdom : _bOxford University Press, _cc2014. |
||
| 300 |
_a698 p. : _bcol. Ill. ; _c28 cm. |
||
| 500 | _aIncludes index. | ||
| 650 |
_aPhysics _xExaminations -- Study guide |
||
| 942 | _cBK | ||
| 999 |
_c116683 _d116683 |
||